Double your risk (Record no. 76135)
[ view plain ]
| 000 -LEADER | |
|---|---|
| fixed length control field | 01181cab a2200181 4500 |
| 001 - CONTROL NUMBER | |
| control field | ##L131522 |
| 008 - FIXED-LENGTH DATA ELEMENTS--GENERAL INFORMATION | |
| fixed length control field | 051111n2005 000 0 eng u |
| 035 ## - SYSTEM CONTROL NUMBER | |
| System control number | (Sirsi) u131522 |
| 041 0# - LANGUAGE CODE | |
| Language code of text/sound track or separate title | eng |
| 100 1# - MAIN ENTRY--PERSONAL NAME | |
| Personal name | Rees, Peter |
| 245 00 - TITLE STATEMENT | |
| Title | Double your risk |
| 260 ## - PUBLICATION, DISTRIBUTION, ETC. | |
| Date of publication, distribution, etc. | 2005 |
| 490 #0 - SERIES STATEMENT | |
| Series statement | Building |
| Volume/sequential designation | 270(8405) 4 November 2005, 66-67(2) |
| 520 ## - SUMMARY, ETC. | |
| Summary, etc. | Describes and comments upon "Viasystems (Tyneside) Ltd v Thermal Transfer (Northern) Ltd and others" ([2005] EWHC Civ1151, L131411), where it was held that two parties were equally vicariously liable for flooding caused by the negligence of a fitter's mate, reversing a long-held assumption that an employer cannot be liable for the negligence of independent contractors. There are significant implications for the construction industry. The decision will almost certainly result in multiple defendants being involved in future cases, and therefore much more detailed subcontracts and sub-subcontracts will be required, setting out the basis of responsibility and contributions between the parties. |
| 650 24 - SUBJECT ADDED ENTRY--TOPICAL TERM | |
| Topical term or geographic name entry element | VIASYSTEMS (TYNESIDE) LTD V THERMAL TRANSFER (NORTHERN) LTD |
| 690 ## - LOCAL SUBJECT ADDED ENTRY--TOPICAL TERM (OCLC, RLIN) | |
| Topical term or geographic name as entry element | Construction management |
| 9 (RLIN) | 6230 |
| 942 ## - ADDED ENTRY ELEMENTS (KOHA) | |
| Suppress in OPAC | 0 |
| Withdrawn status | Lost status | Source of classification or shelving scheme | Damaged status | Not for loan | Home library | Current library | Shelving location | Date acquired | Total Checkouts | Full call number | Barcode | Date last seen | Copy number | Price effective from | Koha item type |
|---|---|---|---|---|---|---|---|---|---|---|---|---|---|---|---|
| Dewey Decimal Classification | London | London | Journal article | 11/11/2005 | L131522 | 131522-1001 | 06/08/2019 | 1 | 06/08/2019 | Journal article |